LEADER 01967nam0 22004333i 450 001 SBL0084131 005 20251003044349.0 020 $aIT$b696861 100 $a19910930d1969 ||||0itac50 ba 101 | $aita 102 $ait 181 1$6z01$ai $bxxxe 182 1$6z01$an 183 1$6z01$anc$2RDAcarrier 200 1 $aSindacalismo e protesta operaia$eintroduzione alle teorie del conflitto industriale$fGuido Baglioni 210 $a[Milano]$cAngeli$d1969 215 $a175 p.$d22 cm 225 | $aCollana ISCLA$v2 300 $aSul verso del frontespizio: alla preparazione del volume ha collaborato, con l'Autore, il dr. Bruno Manghi 410 0$1001MIL0039505$12001 $aCollana ISCLA$v2$171202$aIstituto per lo sviluppo culturale dei lavoratori$3MILV072806$4070 500 10$aSindacalismo e protesta operaia.$3MSE0068591$9CFIV008437$9541025 606 $aSindacalismo$2FIR$3CFIC002796$9I 676 $a331.8$9SINDACATI E CONTRATTAZIONE COLLETTIVA$v12 676 $a331.88$9SINDACATI$v20 676 $a331.88$9SINDACATI$v21 676 $a331.88$9SINDACATI$v23 676 $a331.880 1$9$v20 686 $aX14.0$cMOVIMENTO OPERAIO INTERNAZIONALE$2R 686 $aX14.2$cMOVIMENTI E ORGANIZZAZIONI SINDACALI$2R 700 1$aBaglioni$b, Guido$3CFIV008437$4070$0106861 702 1$aManghi$b, Bruno$3CFIV072406 801 3$aIT$bIT-000000$c19910930 850 $aIT-BN0095 901 $bNAP 01$cPOZZO LIB.$nVi sono collocati fondi di economia, periodici di ingegneria e scienze, periodici di economia e statistica e altri fondi comprendenti documenti di economia pervenuti in dono. 912 $aSBL0084131 950 0$aBiblioteca Centralizzata di Ateneo$c1 v.$d 01POZZO LIB.F. SANTI 194$e 0101 0060032715E VMA 1 v. (Precedente collocazione S 294)$fB $h20221107$i20221107 977 $a 01 996 $aSindacalismo e protesta operaia$9541025 997 $aUNISANNIO